00585nam a22002057a 450000500170000001000130001702000230003003500130005303700160006604000120008208200130009410000160010724500810012326000380020427000320024230000310027465000150030565000450032070000140036520170124110206.0 aB-406590 c240.00a8188222569 aB-406590 bCen Lib/Ret aDPLbEN a000bJAI aJain, Vikas aAIEE :cby Vikas Jain [and] D.K. Jha ball india engineering entrance exam / aMeerut bArihant Prakashan c2008 akalindi, TP nagar bMeerut  avarious pagings c21cm(Hb) aGeneralia  aEngineering (entrance examination books) aJha, D.K.